| 000 | 00526nam a2200181Ia 4500 | ||
|---|---|---|---|
| 999 |
_c22491 _d22491 |
||
| 003 | OSt | ||
| 005 | 20200210102412.0 | ||
| 008 | 190216s9999||||xx |||||||||||||| ||und|| | ||
| 020 | _a9788172047634 | ||
| 040 | _coclc | ||
| 082 |
_a297.122 _bBUC/Q |
||
| 100 | 1 |
_aBucaille, Maurice _91905 |
|
| 245 | 0 |
_aQuranum Adhunika Sasthravum / _cMaurice Buccaille |
|
| 260 |
_bDialogue Centre, Kerala, _c2001. _aKozhikode: |
||
| 300 | _a27p | ||
| 650 | _aQur`An | ||
| 942 |
_cBK _2ddc _h297.122 _iBUC/Q _k297.122 _mBUC/Q |
||